International Journal of Community Health Nursing (Record no. 1678)

MARC details
000 -LEADER
Fixed length control field 00502nas a2200181 a 4500
003 - CONTROL NUMBER IDENTIFIER
Control field IIN
005 - DATE AND TIME OF LATEST TRANSACTION
Control field 20250304110414.0
008 - FIXED-LENGTH DATA ELEMENTS--GENERAL INFORMATION
Fixed length control field 250304c |||gr|p| |||| 00| 0 eng d
040 ## - CATALOGING SOURCE
Original cataloging agency IIN
245 ## - TITLE STATEMENT
Title International Journal of Community Health Nursing
260 ## - IMPRINT
Place of publication Chennai
Name of publisher McMed International
Date of publication 2014
300 ## - PHYSICAL DESCRIPTION
Page / Vol. No vol. 1 no. 1
310 ## - CURRENT PUBLICATION FREQUENCY
Current publication frequency Bi-annual
650 ## - SUBJECT ADDED ENTRY--TOPICAL TERM
Topical term NURSING - PERIODICAL
650 ## - SUBJECT ADDED ENTRY--TOPICAL TERM
Topical term COMMUNITY HEALTH NURSING - PERIODICAL
856 ## - ELECTRONIC LOCATION AND ACCESS
Uniform Resource Identifier https://mcmed.us/allissue/ijchn
942 ## - ADDED ENTRY ELEMENTS (KOHA)
Koha item type Serials

No items available.

© Ideal Institute Of Nursing, All rights reserved.         Powered by Koha